000
00239 a2200097 4500
001
51092
100
_a
Parker S P
245
_a
Energy Power & Transportation Technology
260
_a
California
_b
Glencoe Pub Co
_c
090
_c
32353
_d
32353
942
_a
NUST-CAE
_c
M
_c
24840
999
_c
286165
_d
286165